Gramatika a slovník : elementary /

Main Author: Šmíra, Zdeněk
Language: Czech
English
Published: Ostrava : IMPEX, 1998
Physical Description: 52 s. ; 21 cm
Book
Saved in:
LEADER 00992nam a2200325 a 4500
001 000392796
003 CZ BrMZK
005 20080313092520.0
007 ta
008 980115s1998 xr e fd cze d
015 |a cnb000647272 
020 |a 80-86035-09-3 
035 |a (OCoLC)84963739 
040 |a BOA001  |b cze 
041 1 |a cze  |a eng 
080 |a 811.111  |2 MRF 
080 |a 81'36  |2 MRF 
080 |a (035)  |2 MRF 
080 |a (038)81  |2 MRF 
100 1 |a Šmíra, Zdeněk  |7 jx20051012028  |4 aut 
245 1 0 |a Gramatika a slovník :  |b elementary /  |c Zdeněk Šmíra. 
260 |a Ostrava :  |b IMPEX,  |c 1998 
300 |a 52 s. ;  |c 21 cm 
650 0 7 |a angličtina  |7 ph114056  |2 czenas 
650 0 7 |a mluvnice  |7 ph115331  |2 czenas 
655 7 |a příručky  |7 fd133209  |2 czenas 
655 7 |a dvojjazyčné překladové slovníky  |7 fd208746  |2 czenas 
910 |a BOA001  |b 2-1055.137 
990 |a BK 
996 6 |b 2610085707  |c 2-1055.137  |l MZK  |r Sklad / do 1 hodiny  |n 25  |p p.v.  |w 000392796  |u 000010  |a 1  |e BOA001  |j MZK50  |s P